| 000 | 00971nam a22002415i 4500 | ||
|---|---|---|---|
| 001 | 158424 | ||
| 003 | ES-MaACL | ||
| 005 | 20250927114715.0 | ||
| 008 | 970605s1870 fr |||| | fre d | ||
| 040 |
_aCLM _bspa _cCCPB | SIC |
||
| 100 | 1 |
_aMacquorn Rankine, William John ( _d1820-1872) _9129303 |
|
| 245 | 1 | 0 | _aThéorie du vélocipède ; [suivi de] Sur les lois de l'écoulement de la vapeur / par J. Macquorn-Rankine ; traduit par J.-B. Viollet ; revue par M. l'abbé François Moigno. |
| 260 |
_aParis : _bGauthier-Villars, _c1870 ( _fImprimerie Walder) |
||
| 300 |
_a56 p. ; _c18 cm. |
||
| 490 | 1 |
_aMélanges scientifiques ; _v1 |
|
| 650 | 4 |
_aBicicletas. _9135689 |
|
| 650 | 4 |
_aVapor. _9136973 |
|
| 700 | 1 |
_aViollet, Jean-Baptiste. _9151545 |
|
| 700 | 1 |
_aMoigno, François, _d1804-1884 _9130010 |
|
| 830 | 0 |
_aMélanges scientifiques ; _v1 _9221854 |
|
| 852 |
_aES-MaACL _jT-632-F-5 _z-- Enc. hol. _z-- Enc. en un vol. facticio |
||
| 999 |
_c158424 _d158424 |
||